TEXT BOOK OF HISTOLOGY (Record no. 4738)

MARC details
000 -LEADER
fixed length control field 00341nam a2200145Ia 4500
008 - FIXED-LENGTH DATA ELEMENTS--GENERAL INFORMATION
fixed length control field 150201s2010 xx 000 0 und d
082 ## - DEWEY DECIMAL CLASSIFICATION NUMBER
Classification number 611
Item number H2010G
100 ## - MAIN ENTRY--PERSONAL NAME
Personal name J.P.GUNASEGARAN
245 ## - TITLE STATEMENT
Title TEXT BOOK OF HISTOLOGY
250 ## - EDITION STATEMENT
Edition statement 1ST
260 ## - PUBLICATION, DISTRIBUTION, ETC. (IMPRINT)
Name of publisher, distributor, etc. ELSEVIER
Place of publication, distribution, etc. DELHI
Date of publication, distribution, etc. 2010
300 ## - PHYSICAL DESCRIPTION
Extent 1-433
650 ## - SUBJECT ADDED ENTRY--TOPICAL TERM
Topical term or geographic name as entry element HUMAN HISTOLOGY
942 ## - ADDED ENTRY ELEMENTS (KOHA)
Source of classification or shelving scheme Dewey Decimal Classification
Koha item type Books
Holdings
Withdrawn status Lost status Source of classification or shelving scheme Damaged status Not for loan Home library Current library Date acquired Source of acquisition Cost, normal purchase price Serial Enumeration / chronology SGTU Bill Number Total Checkouts Full call number Barcode Date last seen Bill Date Koha item type
    Dewey Decimal Classification     SGT Dental Library SGT Dental Library 19/04/2012 U.B.S.DELHI 450.00 1 SGTU 44   611 H2010G FD6703 09/02/2015 05/07/2013 Books
    Dewey Decimal Classification     SGT Dental Library SGT Dental Library 19/04/2012 U.B.S.DELHI 450.00 1 SGTU 44   611 H2010G FD6704 09/02/2015 05/07/2013 Books